MARC

LEADER 00000nam0a2200000 4500
001 259501
005 20231101233407.0
010 |a 5211001044 
020 |a RU  |b 88-21056 
035 |a (RuTPU)RU\TPU\book\282444 
090 |a 259501 
100 |a 20140508d1988 m y0rusy5003 ca 
101 0 |a rus 
102 |a RU 
105 |a a j 000zy 
200 1 |a Практикум по ядерной физике  |e учебное пособие для вузов  |f И. А. Антонова [и др.] 
205 |a 4-е изд., перераб. 
210 |a Москва  |c Изд-во МГУ  |d 1988 
215 |a 199 с.  |c ил. 
606 1 |a Ядерная физика  |2 stltpush  |3 (RuTPU)RU\TPU\subj\21560  |9 46524 
610 1 |a практические работы 
610 1 |a учебные пособия 
610 1 |a ядерные излучения 
610 1 |a детекторы 
610 1 |a регистрирующая аппаратура 
610 1 |a математическая обработка 
610 1 |a лабораторные работы 
675 |a 539.14(076.5)  |z rus  |v 3 
701 1 |a Антонова  |b И. А. 
701 1 |a Бояркина  |b А. Н. 
701 1 |a Гончарова  |b Н. Г. 
701 1 |a Живописцев  |b Ф. А. 
801 0 |a RU  |b RuMRKP  |c 19950417  |g psbo 
801 1 |a RU  |b 63413507  |c 20140508 
801 2 |a RU  |b 63413507  |c 20160408  |g RCR 
942 |c BK